| 000 | 00905nam a2200277Ia 4500 | ||
|---|---|---|---|
| 003 | OSt | ||
| 005 | 20220926015310.0 | ||
| 006 | a|||||r|||| 00| 0 | ||
| 007 | ta | ||
| 008 | 220923b |||||||| |||| 00| 0 eng d | ||
| 020 |
_a9780198089582 _c395.25 |
||
| 037 |
_b11049, 08/09/2012, Uppal Book Store _cGeneral Book |
||
| 040 |
_aRTL _cRTL _beng |
||
| 041 |
_2eng _aeng |
||
| 082 | _aX:75.2, Q2 | ||
| 100 | _aBHAGWATI Jagdish | ||
| 245 | 0 |
_aIndia's reforms _b How they produced inclusive growth |
|
| 260 |
_aNew York _bOxford University Press _c2012 |
||
| 300 |
_axii, 282p _ccm. |
||
| 490 | _aStudies in Indian Economic Policies | ||
| 500 | _aBibliography chapterwise | ||
| 650 | _aEconomics | ||
| 700 |
_a PANAGARIYA Arvind _9286907 |
||
| 942 |
_hX:75.2, Q2 _cGB _2CC |
||
| 999 |
_c631001 _d631001 |
||